[Event "14th Pan-American ch"]
[Site "Boca Raton USA"]
[Date "2008.11.04"]
[Round "5.1"]
[White "Ehlvest, Jaan"]
[Black "Lima, Darcy"]
[Result "1/2-1/2"]
[WhiteElo "2581"]
[BlackElo "2488"]
[EventDate "2008.11.01"]
[PlyCount "82"]

1.c4 Nf6 2.Nf3 e6 3.g3 d5 4.Bg2 c5 5.O-O Nc6 6.cxd5 Nxd5 7.d4 Be7 8.Nc3 
O-O 9.e4 Nb6 10.d5 exd5 11.exd5 Nb4 12.Ne1 Nc4 13.a3 Na6 14.b3 Nd6 15.Bf4 
Re8 16.Nd3 Bf5 17.Re1 Bf8 18.Rxe8 Qxe8 19.Qf3 Bxd3 20.Qxd3 Qd7 21.h4 Re8 
22.Rd1 h6 23.Kh2 Nc7 24.Be3 b6 25.Bh3 Qd8 26.Rd2 Qf6 27.Kg2 Rd8 28.Bg4 Re8
29.h5 Rd8 30.a4 Nce8 31.Bf4 g5 32.hxg6 Qxg6 33.Qf3 Nf6 34.Bh3 h5 35.Re2 
Ng4 36.Bxd6 Bxd6 37.Nb5 a6 38.Nxd6 Rxd6 39.a5 bxa5 40.Qc3 Nf6 41.Qxc5 Rxd5
1/2-1/2

[Event "14th Pan-American ch"]
[Site "Boca Raton USA"]
[Date "2008.11.04"]
[Round "5.2"]
[White "Ivanov, Alexander"]
[Black "Leon Hoyos, Manuel"]
[Result "1/2-1/2"]
[WhiteElo "2547"]
[BlackElo "2535"]
[EventDate "2008.11.01"]
[PlyCount "52"]

1.e4 c5 2.Nf3 g6 3.d4 cxd4 4.Nxd4 Nc6 5.c4 Nf6 6.Nc3 d6 7.Be2 Nxd4 8.Qxd4 
Bg7 9.Bg5 O-O 10.Qd2 a5 11.Rd1 Be6 12.O-O a4 13.Bd3 Qa5 14.Nd5 Bxd5 15.
Qxa5 Rxa5 16.cxd5 h6 17.Bd2 Rc5 18.Bb4 Nd7 19.Bxc5 Nxc5 20.Rd2 Nxd3 21.
Rxd3 Bxb2 22.Rd2 a3 23.Rc2 b5 24.Rd1 b4 25.Rd3 Bc3 26.Rcxc3 bxc3 1/2-1/2

[Event "14th Pan-American ch"]
[Site "Boca Raton USA"]
[Date "2008.11.04"]
[Round "5.4"]
[White "Friedel, Joshua"]
[Black "Shabalov, Alexander"]
[Result "1-0"]
[WhiteElo "2498"]
[BlackElo "2585"]
[EventDate "2008.11.01"]
[PlyCount "73"]

1.e4 e6 2.d4 d5 3.Nc3 Nf6 4.e5 Nfd7 5.f4 c5 6.Nf3 Nc6 7.Be3 a6 8.Qd2 b5 9.
dxc5 Nxc5 10.Qf2 Na4 11.Nxa4 bxa4 12.c3 Be7 13.Bd3 a3 14.b4 O-O 15.O-O f6 
16.Qc2 h6 17.Nh4 f5 18.Ng6 Rf7 19.Nxe7+ Rxe7 20.Bc5 Rd7 21.Qa4 Bb7 22.Qxa3
g5 23.Qc1 Rg7 24.Bd4 Rc8 25.Qb2 Nxd4 26.cxd4 Qb6 27.Rac1 Rxc1 28.Rxc1 gxf4
29.Rc5 f3 30.g3 f4 31.Kf2 h5 32.Qd2 fxg3+ 33.hxg3 h4 34.g4 Qd8 35.Qh6 Qe7 
36.Qh5 h3 37.Rc7 1-0

[Event "14th Pan-American ch"]
[Site "Boca Raton USA"]
[Date "2008.11.04"]
[Round "5.5"]
[White "Sarkar, Justin"]
[Black "Stripunsky, Alexander"]
[Result "1/2-1/2"]
[WhiteElo "2451"]
[BlackElo "2553"]
[EventDate "2008.11.01"]
[PlyCount "52"]

1.d4 b5 2.e4 Bb7 3.Bd3 e6 4.Nf3 a6 5.O-O d6 6.Qe2 Nd7 7.a4 c6 8.Nbd2 Ngf6 
9.b3 Be7 10.c4 b4 11.e5 dxe5 12.dxe5 Nc5 13.Bc2 Nfd7 14.Bb2 Qc7 15.Ne1 
O-O-O 16.Nd3 Nxd3 17.Bxd3 Nc5 18.Bc2 Rd7 19.Rfd1 Rhd8 20.Nf1 g6 21.Rxd7 
Rxd7 22.Rd1 Rxd1 23.Qxd1 Qd7 24.Qxd7+ Nxd7 25.Ng3 Kc7 26.Ne4 Nc5 1/2-1/2

[Event "14th Pan-American ch"]
[Site "Boca Raton USA"]
[Date "2008.11.04"]
[Round "5.7"]
[White "Kleiman, Jake"]
[Black "Bhat, Vinay"]
[Result "0-1"]
[WhiteElo "2315"]
[BlackElo "2498"]
[EventDate "2008.11.01"]
[PlyCount "74"]

1.e4 e6 2.Qe2 Be7 3.Nf3 d5 4.d3 Nf6 5.g3 b5 6.e5 Nfd7 7.Bg2 c5 8.O-O Nc6 
9.h4 a5 10.c4 bxc4 11.dxc4 Ba6 12.Na3 O-O 13.Re1 Rb8 14.Qc2 Nb4 15.Qc3 Nb6
16.Bf1 h6 17.b3 Qc8 18.Bf4 Rd8 19.Red1 Qc6 20.Qe3 dxc4 21.Rxd8+ Rxd8 22.
bxc4 Bb7 23.Be2 Rd4 24.Qc3 Rd3 25.Bxd3 Qxf3 26.Bh7+ Kxh7 27.Qxf3 Bxf3 28.
Nb5 g5 29.hxg5 hxg5 30.Bd2 Nxc4 31.Bc3 Nd5 32.Nd6 Nxc3 33.Nxc4 Bd5 34.Nxa5
c4 35.Nb3 cxb3 36.axb3 Bxb3 37.Ra7 Nd5 0-1

[Event "14th Pan-American ch"]
[Site "Boca Raton USA"]
[Date "2008.11.04"]
[Round "5.8"]
[White "Betaneli, Alexander"]
[Black "Escobar Forero, Alder"]
[Result "0-1"]
[WhiteElo "2318"]
[BlackElo "2482"]
[EventDate "2008.11.01"]
[PlyCount "106"]

1.d4 d6 2.c4 Nf6 3.Nc3 Nbd7 4.Nf3 e5 5.Bg5 Be7 6.e3 O-O 7.Bh4 Re8 8.Qc2 
exd4 9.Nxd4 Nc5 10.Be2 a5 11.O-O c6 12.Rfd1 Nfe4 13.Bxe7 Qxe7 14.Nxe4 Nxe4
15.Bd3 Nf6 16.h3 Qe5 17.Rac1 a4 18.Qd2 Qg5 19.Kh1 d5 20.cxd5 Qxd5 21.Bc4 
Qh5 22.f3 Ra5 23.e4 Rg5 24.Bf1 Qg6 25.g4 h5 26.Nf5 hxg4 27.hxg4 Nxg4 28.
fxg4 Rxg4 29.Qh2 Bxf5 30.exf5 Qxf5 31.Bh3 Qf3+ 32.Bg2 Qf6 33.Rc3 Rh4 34.
Rh3 Rxh3 35.Qxh3 Qxb2 36.Qd7 Qe2 37.Rf1 Qh5+ 38.Kg1 Qc5+ 39.Kh1 Qh5+ 40.
Kg1 Rb8 41.Bh3 Rf8 42.Bg2 Qb5 43.Bh3 Qc5+ 44.Rf2 Qc1+ 45.Bf1 b5 46.Qf5 Qe3
47.Bd3 g6 48.Qd7 Kg7 49.Qd6 Qg5+ 50.Rg2 Rd8 51.Qxc6 Qe3+ 52.Rf2 Qg3+ 53.
Rg2 Qxd3 0-1

[Event "14th Pan-American ch"]
[Site "Boca Raton USA"]
[Date "2008.11.04"]
[Round "5.11"]
[White "Vaja, Ashish"]
[Black "Terry Lujan, Renato Alfredo"]
[Result "0-1"]
[WhiteElo "2184"]
[BlackElo "2349"]
[EventDate "2008.11.01"]
[PlyCount "76"]

1.e4 e6 2.Nf3 d5 3.Nc3 Nf6 4.e5 Nfd7 5.d4 c5 6.dxc5 Nc6 7.Bf4 Bxc5 8.Bd3 
f6 9.exf6 Qxf6 10.Bg5 Qf7 11.Bh4 Nde5 12.Nxe5 Nxe5 13.Bb5+ Bd7 14.Bxd7+ 
Qxd7 15.Qh5+ Ng6 16.O-O-O O-O 17.Ne4 Rf5 18.Nxc5 Qb5 19.Qg4 Qxc5 20.Bg3 
Rc8 21.c3 b5 22.Kb1 Qc4 23.Rd4 Qc6 24.Re1 Rcf8 25.f3 h5 26.Qh3 a5 27.Rd2 
e5 28.Rde2 Qf6 29.Rd2 Qg5 30.Red1 a4 31.a3 e4 32.f4 Nxf4 33.Bxf4 Qxf4 34.
Rxd5 e3 35.Rxf5 Rxf5 36.Re1 Qe4+ 37.Ka1 e2 38.g4 Rd5 0-1

[Event "14th Pan-American ch"]
[Site "Boca Raton USA"]
[Date "2008.11.04"]
[Round "5.12"]
[White "Arenas Vanegas, David"]
[Black "Garcia Alarcon, Alvaro"]
[Result "1-0"]
[WhiteElo "2323"]
[BlackElo "2198"]
[EventDate "2008.11.01"]
[PlyCount "74"]

1.e4 e6 2.d4 d5 3.Nc3 Bb4 4.e5 c5 5.a3 Bxc3+ 6.bxc3 Qc7 7.Qg4 f5 8.Qg3 Nc6
9.Nf3 g6 10.Bd2 Nce7 11.Bd3 Bd7 12.h4 c4 13.Be2 h6 14.a4 O-O-O 15.O-O Qa5 
16.Rfb1 Bxa4 17.h5 g5 18.Bxg5 hxg5 19.Nxg5 Nh6 20.Nxe6 Rde8 21.Qg5 b5 22.
Ng7 Qa6 23.e6 Qc6 24.Nxe8 Qxe8 25.Qf4 Nc6 26.Qd6 Ng8 27.Qxd5 Nf6 28.Qxf5 
Nxh5 29.d5 Ne7 30.Qe5 Ng6 31.Bxh5 Nxe5 32.Bxe8 Rxe8 33.Re1 Ng6 34.d6 Kd8 
35.g3 Rg8 36.Kf1 Ke8 37.Rxa4 bxa4 1-0

[Event "14th Pan-American ch"]
[Site "Boca Raton USA"]
[Date "2008.11.05"]
[Round "6.3"]
[White "Leon Hoyos, Manuel"]
[Black "Lima, Darcy"]
[Result "1/2-1/2"]
[WhiteElo "2535"]
[BlackElo "2488"]
[EventDate "2008.11.01"]
[PlyCount "55"]

1.e4 e5 2.Nf3 Nc6 3.Bb5 Nf6 4.O-O Bc5 5.Nc3 O-O 6.Nxe5 Nxe5 7.d4 Bd6 8.f4 
Neg4 9.e5 Be7 10.h3 d6 11.exf6 Nxf6 12.g4 d5 13.f5 c5 14.Be3 c4 15.g5 Ne4 
16.Nxe4 dxe4 17.Qe2 Bxg5 18.Bxc4 Qf6 19.Bxg5 Qxg5+ 20.Qg2 Qe3+ 21.Kh1 Qxd4
22.f6 g6 23.Qg5 Qd7 24.Kg1 Qxh3 25.Rf4 Qe3+ 26.Kh1 Qh3+ 27.Kg1 Qe3+ 28.Kh1
1/2-1/2

[Event "14th Pan-American ch"]
[Site "Boca Raton USA"]
[Date "2008.11.05"]
[Round "6.4"]
[White "Stripunsky, Alexander"]
[Black "Arenas Vanegas, David"]
[Result "1-0"]
[WhiteElo "2553"]
[BlackElo "2323"]
[EventDate "2008.11.01"]
[PlyCount "83"]

1.e4 c5 2.Nf3 d6 3.c3 Nf6 4.Be2 Nbd7 5.d3 g6 6.Nbd2 Bg7 7.O-O O-O 8.Re1 b6
9.d4 Bb7 10.Bd3 Qc7 11.Rb1 Rac8 12.b4 Rfd8 13.Bb2 e6 14.a4 Bf8 15.Ba1 Bh6 
16.Qe2 Bc6 17.Qd1 Bb7 18.g3 Ba8 19.Qe2 Bc6 20.Qd1 Ba8 21.h3 Bb7 22.Bb2 Bf8
23.Qe2 Ne8 24.b5 Ng7 25.Nh2 Qb8 26.Ng4 Ne8 27.Qe3 e5 28.Bc4 cxd4 29.cxd4 
Nef6 30.Qb3 d5 31.exd5 Rxc4 32.Nxc4 Nxg4 33.hxg4 Bxd5 34.Qd3 Bb4 35.Re2 
Ba8 36.d5 Nc5 37.Qe3 Rxd5 38.Nxe5 Ne6 39.Nxf7 Qb7 40.Nh6+ Kf8 41.Qf3+ Ke8 
42.Rxe6+ 1-0

[Event "14th Pan-American ch"]
[Site "Boca Raton USA"]
[Date "2008.11.05"]
[Round "6.5"]
[White "Bhat, Vinay"]
[Black "Aldama Degurnay, Dionisio"]
[Result "1-0"]
[WhiteElo "2498"]
[BlackElo "2457"]
[EventDate "2008.11.01"]
[PlyCount "77"]

1.d4 Nf6 2.c4 g6 3.Nc3 Bg7 4.e4 d6 5.Nf3 O-O 6.Be2 e5 7.O-O Nc6 8.d5 Ne7 
9.Ne1 Ne8 10.Nd3 f5 11.Bd2 Nf6 12.f3 f4 13.c5 g5 14.Rc1 Rf7 15.Nb5 Ng6 16.
Ba5 b6 17.cxd6 bxa5 18.dxc7 Qf8 19.Qa4 g4 20.Nc5 gxf3 21.Bxf3 Nh4 22.Qxa5 
Ne8 23.Ne6 Qe7 24.Nxa7 Bf8 25.a3 Bxe6 26.dxe6 Nxf3+ 27.Rxf3 Qxc7 28.Rxc7 
Rxc7 29.e7 Bxe7 30.Qd5+ Kf8 31.Qxa8 Bc5+ 32.Kf1 Bxa7 33.Rc3 Re7 34.b4 Bd4 
35.Rc6 Kf7 36.Qc8 Ra7 37.Qe6+ Kf8 38.Rc8 Re7 39.Qf6+ 1-0

[Event "14th Pan-American ch"]
[Site "Boca Raton USA"]
[Date "2008.11.05"]
[Round "6.6"]
[White "Escobar Forero, Alder"]
[Black "Sarkar, Justin"]
[Result "1/2-1/2"]
[WhiteElo "2482"]
[BlackElo "2451"]
[EventDate "2008.11.01"]
[PlyCount "94"]

1.e4 c5 2.Nf3 e6 3.d4 cxd4 4.Nxd4 a6 5.Bd3 d5 6.exd5 Qxd5 7.O-O Nc6 8.Nxc6
Qxc6 9.Bg5 Be7 10.Bxe7 Nxe7 11.Nd2 O-O 12.a4 e5 13.Qe2 Ng6 14.Be4 Nf4 15.
Qe3 Qc7 16.c3 f5 17.Bc2 Be6 18.Rfe1 Bd5 19.Qxe5 Qxe5 20.Rxe5 Bxg2 21.Rxf5 
Rxf5 22.Bxf5 Rd8 23.Nb3 g6 24.Be6+ Kg7 25.Nd4 Kf6 26.Bc4 Rc8 27.b3 Bd5 28.
Bxd5 Nxd5 29.c4 Nf4 30.Kf1 Rd8 31.Ne2 Ne6 32.Nc3 Rd3 33.Nd5+ Kf5 34.b4 Nf4
35.Nxf4 Kxf4 36.Re1 Kf3 37.b5 axb5 38.cxb5 Rd4 39.Re3+ Kf4 40.Re7 h5 41.
Rxb7 Rxa4 42.Rf7+ Kg4 43.Kg2 Rb4 44.Rb7 g5 45.b6 Kh4 46.Rb8 g4 47.Rb7 Rb2 
1/2-1/2

[Event "14th Pan-American ch"]
[Site "Boca Raton USA"]
[Date "2008.11.05"]
[Round "6.7"]
[White "Terry Lujan, Renato Alfredo"]
[Black "Matsuura, Everaldo"]
[Result "1/2-1/2"]
[WhiteElo "2349"]
[BlackElo "2469"]
[EventDate "2008.11.01"]
[PlyCount "54"]

1.d4 d5 2.c4 dxc4 3.Nf3 c5 4.Nc3 e6 5.e4 cxd4 6.Qxd4 Qxd4 7.Nxd4 a6 8.Bxc4
b5 9.Bb3 Nd7 10.f3 Bb7 11.Be3 Bc5 12.Ke2 Rc8 13.Rhd1 Ngf6 14.Rac1 Ke7 15.
a3 Ne5 16.Na2 Nfd7 17.Bg5+ f6 18.Be3 Bxd4 19.Bxd4 Rxc1 20.Rxc1 Rc8 21.Rxc8
Bxc8 22.Nb4 Kd6 23.Nd3 Nxd3 24.Kxd3 e5 25.Be3 Nc5+ 26.Bxc5+ Kxc5 27.Bg8 h6
1/2-1/2

[Event "14th Pan-American ch"]
[Site "Boca Raton USA"]
[Date "2008.11.05"]
[Round "6.10"]
[White "Melekhina, Alisa"]
[Black "Barrientos Chavarriaga, Sergio"]
[Result "0-1"]
[WhiteElo "2299"]
[BlackElo "2450"]
[EventDate "2008.11.01"]
[PlyCount "142"]

1.e4 d5 2.exd5 Nf6 3.Nc3 Nxd5 4.Bc4 Nb6 5.Bb3 c5 6.d3 Nc6 7.Qf3 c4 8.dxc4 
Nd4 9.Qd1 e5 10.Nd5 Be6 11.Nxb6 axb6 12.Be3 Bc5 13.Nf3 Qf6 14.c3 Nxf3+ 15.
Qxf3 Qxf3 16.gxf3 Bxe3 17.fxe3 b5 18.Ke2 bxc4 19.Bc2 Ke7 20.Rhd1 Ra6 21.
Be4 Rb6 22.Rab1 Ra8 23.a3 Ra5 24.Kd2 g6 25.Rg1 Rd6+ 26.Kc1 Bd5 27.Rd1 Bxe4
28.fxe4 Rf6 29.Rd2 Rf3 30.Re2 Ra6 31.Kd2 b5 32.Kc2 Rh3 33.Rd1 Rd6 34.Rxd6 
Kxd6 35.b3 Rh4 36.bxc4 bxc4 37.Rf2 Kc5 38.a4 h5 39.Kd2 Rxe4 40.Rxf7 Rh4 
41.Rf2 g5 42.Ke1 g4 43.Kf1 Rh3 44.Re2 Rf3+ 45.Kg1 Rf6 46.Ra2 Rb6 47.a5 Ra6
48.Ra4 h4 49.e4 Kb5 50.Rb4+ Kxa5 51.Rxc4 Kb5 52.Rc8 Ra4 53.Rh8 h3 54.Kf2 
Rxe4 55.Rc8 Ka4 56.Rb8 Rc4 57.Re8 e4 58.Kg3 Kb3 59.Kxg4 Kxc3 60.Kxh3 Kd3 
61.Kg2 Rc2+ 62.Kg3 e3 63.h4 Rc1 64.Rd8+ Ke2 65.h5 Rg1+ 66.Kf4 Kf2 67.h6 e2
68.Rd2 Rg6 69.h7 Rh6 70.Ke4 Rxh7 71.Ra2 Kf1 0-1

[Event "14th Pan-American ch"]
[Site "Boca Raton USA"]
[Date "2008.11.05"]
[Round "6.11"]
[White "Garcia, Gildardo"]
[Black "Pena Hernandez, Alfredo"]
[Result "1/2-1/2"]
[WhiteElo "2410"]
[BlackElo "2309"]
[EventDate "2008.11.01"]
[PlyCount "166"]

1.e4 e5 2.Nf3 Nc6 3.Bb5 a6 4.Ba4 Nf6 5.O-O Be7 6.Re1 b5 7.Bb3 d6 8.c3 O-O 
9.h3 Nb8 10.d4 Nbd7 11.Nbd2 Bb7 12.Bc2 Re8 13.a4 Bf8 14.Bd3 c6 15.Nf1 g6 
16.Ng3 Bg7 17.Bg5 h6 18.Be3 Qc7 19.Qd2 Kh7 20.Qc2 Nf8 21.Rad1 Rad8 22.b4 
Ne6 23.Bf1 h5 24.dxe5 dxe5 25.c4 bxa4 26.c5 a5 27.Qxa4 axb4 28.Bc4 Kg8 29.
Qxb4 Bc8 30.Qb6 Qxb6 31.cxb6 Nd7 32.Rd6 Bf8 33.Rxc6 Bb7 34.Rxe6 fxe6 35.
Ng5 Nc5 36.Bb5 Nd7 37.Bc4 Nc5 38.Bxc5 Bxc5 39.Nxe6 Rxe6 40.Bxe6+ Kg7 41.
Bd5 Bxd5 42.exd5 Bxb6 43.Rxe5 Bd4 44.Re2 Rxd5 45.Rd2 Rd8 46.Ne4 Bf6 47.
Rxd8 Bxd8 48.Kf1 Kf7 49.Ke2 Ke6 50.Ke3 Kf5 51.Nd6+ Ke6 52.Nc4 Kf5 53.Kd4 
Bh4 54.g3 Be7 55.Kd5 Bb4 56.f3 Kf6 57.Nd6 Ke7 58.Ne4 Ba5 59.h4 Bc7 60.f4 
Ba5 61.Ke5 Bc7+ 62.Kd4 Bb6+ 63.Kd5 Ba5 64.Kd4 Bb6+ 65.Kd3 Ke6 66.Ke2 Kf5 
67.Kf3 Bd4 68.Nd6+ Ke6 69.Nc4 Kf5 70.Nd6+ Ke6 71.Nb5 Bb6 72.Ke4 Bf2 73.
Nd4+ Kf6 74.Ne2 Be1 75.Kf3 Kf5 76.Nd4+ Kf6 77.Nc2 Ba5 78.g4 hxg4+ 79.Kxg4 
Bd2 80.Nd4 Be3 81.Nf3 Bc1 82.Ng5 Ba3 83.Ne4+ Kf7 1/2-1/2

[Event "14th Pan-American ch"]
[Site "Boca Raton USA"]
[Date "2008.11.05"]
[Round "6.12"]
[White "Almeida Saenz, Alfonso"]
[Black "La Rota, Fabio"]
[Result "0-1"]
[WhiteElo "2378"]
[BlackElo "2252"]
[EventDate "2008.11.01"]
[PlyCount "130"]

1.d4 d5 2.c4 e6 3.Nf3 Nf6 4.Nc3 Nbd7 5.Bf4 Bb4 6.Qb3 c5 7.e3 Qa5 8.Nd2 O-O
9.Be2 Nb6 10.O-O cxd4 11.exd4 dxc4 12.Nxc4 Nxc4 13.Bxc4 b6 14.Rfe1 Nd5 15.
Nxd5 Bxe1 16.Ne7+ Kh8 17.Nc6 Qf5 18.Qg3 Qe4 19.Ne5 Bb4 20.Bd3 Qd5 21.a3 
Bd6 22.Qh4 f5 23.Ng6+ Kg8 24.Bxd6 Qxd6 25.Nxf8 Kxf8 26.Qxh7 Qxd4 27.Be2 
Qxb2 28.Qh8+ Ke7 29.Re1 Bb7 30.Qh4+ Qf6 31.Qb4+ Kf7 32.Bc4 Re8 33.h4 Be4 
34.f3 Qd4+ 35.Kh1 Bd5 36.Bxd5 Qxb4 37.axb4 exd5 38.Ra1 Re7 39.Kg1 Ke6 40.
Kf2 Kd6 41.Kg3 Ke5 42.Re1+ Kf6 43.Rd1 Rd7 44.Kf4 d4 45.g4 fxg4 46.fxg4 d3 
47.Ke4 d2 48.b5 Rd8 49.Rf1+ Ke6 50.Rd1 Rd5 51.h5 Kd6 52.Ke3 Rxb5 53.Rxd2+ 
Ke6 54.Kf4 a5 55.Rc2 Rc5 56.Rh2 Kf7 57.Rd2 a4 58.Rd7+ Kf8 59.Rb7 Rb5 60.g5
a3 61.h6 gxh6 62.gxh6 a2 63.h7 a1=Q 64.Rb8+ Kf7 65.h8=Q Qa4+ 0-1

[Event "14th Pan-American ch"]
[Site "Boca Raton USA"]
[Date "2008.11.05"]
[Round "6.22"]
[White "Cooke, Eric"]
[Black "Hortillosa, Andres"]
[Result "1-0"]
[WhiteElo "2191"]
[BlackElo "2199"]
[EventDate "2008.11.01"]
[PlyCount "72"]

1.d4 Nf6 2.c4 e6 3.Nf3 b6 4.a3 Bb7 5.Nc3 d6 6.g3 Be7 7.Bg2 O-O 8.O-O Ne4 
9.Bd2 f5 10.Rc1 Nd7 11.b4 a5 12.b5 Bf6 13.e3 Qe7 14.Ne1 Nxc3 15.Bxc3 Bxg2 
16.Kxg2 e5 17.Nf3 Rad8 18.Qc2 e4 19.Nd2 g5 20.f3 Rde8 21.fxe4 fxe4 22.Rf2 
Bg7 23.Rcf1 Rxf2+ 24.Rxf2 Nf6 25.h3 d5 26.Rf5 Qd7 27.Rxg5 dxc4 28.Qa2 h6 
29.Qxc4+ Kh7 30.Re5 Rxe5 31.dxe5 Nd5 32.Bd4 Bxe5 33.Nxe4 Bxd4 34.Qxd4 Qxb5
35.Kf2 Qd7 36.Qxd5 Qxh3 1-0

[Event "14th Pan-American ch"]
[Site "Boca Raton USA"]
[Date "2008.11.05"]
[Round "7.6"]
[White "Matsuura, Everaldo"]
[Black "Sarkar, Justin"]
[Result "1-0"]
[WhiteElo "2469"]
[BlackElo "2451"]
[EventDate "2008.11.01"]
[PlyCount "113"]

1.e4 e6 2.d4 d5 3.Nc3 Nc6 4.Nf3 Nf6 5.e5 Ne4 6.Bd3 Bb4 7.Bd2 Nxc3 8.Bxc3 
Bxc3+ 9.bxc3 Qe7 10.O-O Na5 11.Nd2 Bd7 12.Qe2 Qa3 13.Nb3 O-O-O 14.Rfb1 b6 
15.Qg4 g6 16.Qf3 Be8 17.Qf6 Rf8 18.Qg7 Bc6 19.Qxh7 Nc4 20.Qh6 a5 21.Qc1 
Qe7 22.Nd2 Rh8 23.Nf3 Rh5 24.Qf4 Rdh8 25.h3 g5 26.Qg3 Ba4 27.Rc1 Qd8 28.
Nh2 f5 29.exf6 Qxf6 30.Ng4 Qf4 31.Qxf4 gxf4 32.Bxc4 dxc4 33.f3 Rb5 34.Ne5 
Rb2 35.Nxc4 Rxc2 36.Rxc2 Bxc2 37.Kf2 Kb7 38.Re1 Kc6 39.Re5 Bb1 40.a3 Bf5 
41.d5+ Kc5 42.dxe6+ Kxc4 43.Rxf5 Kxc3 44.Rxf4 b5 45.Rf5 Kc4 46.Re5 b4 47.
axb4 axb4 48.Ke2 Kd4 49.Re4+ Kc3 50.Re3+ Kb2 51.Kd3 c5 52.Kc4 Kc2 53.Kxc5 
b3 54.e7 b2 55.Re2+ Kc3 56.Rxb2 Kxb2 57.f4 1-0

[Event "14th Pan-American ch"]
[Site "Boca Raton USA"]
[Date "2008.11.05"]
[Round "7.8"]
[White "Aldama Degurnay, Dionisio"]
[Black "Terry Lujan, Renato Alfredo"]
[Result "1/2-1/2"]
[WhiteElo "2457"]
[BlackElo "2349"]
[EventDate "2008.11.01"]
[PlyCount "124"]

1.e4 e6 2.d4 d5 3.e5 c5 4.c3 Qb6 5.Nf3 Bd7 6.Nbd2 Nc6 7.Nb3 cxd4 8.Nbxd4 
Nge7 9.Bd3 Nxd4 10.Nxd4 Nc6 11.Nxc6 Bxc6 12.O-O Bb5 13.Re1 Bxd3 14.Qxd3 
Rc8 15.b3 Qc6 16.Bd2 a6 17.a4 h5 18.Rac1 Ba3 19.Rb1 Be7 20.h3 h4 21.Qf3 g6
22.Qg4 Rh5 23.Kh2 Rf5 24.f4 Kf8 25.Rec1 Kg7 26.c4 d4 27.Qe2 Rd8 28.Qd3 f6 
29.Re1 fxe5 30.Rxe5 Bf6 31.Re4 e5 32.fxe5 Bxe5+ 33.Kg1 Qf6 34.Be1 Rf1+ 35.
Qxf1 Bh2+ 36.Kxh2 Qxf1 37.Rxh4 Re8 38.Rxd4 Rxe1 39.Rxe1 Qxe1 40.Rd3 Qe4 
41.Rf3 g5 42.Kg1 Qe1+ 43.Kh2 Kg6 44.Rf8 Qe5+ 45.Kh1 Qe1+ 46.Kh2 Qb4 47.Rf3
Kh5 48.Kg1 Qe1+ 49.Kh2 Kh4 50.Rd3 Qe2 51.Rf3 a5 52.Kg1 Qxf3 53.gxf3 Kg3 
54.c5 Kxf3 55.Kf1 Kg3 56.Ke2 Kxh3 57.b4 axb4 58.a5 b3 59.Kd2 g4 60.a6 b2 
61.Kc2 b1=Q+ 62.Kxb1 g3 1/2-1/2

[Event "14th Pan-American ch"]
[Site "Boca Raton USA"]
[Date "2008.11.05"]
[Round "7.9"]
[White "Pena Hernandez, Alfredo"]
[Black "Shabalov, Alexander"]
[Result "0-1"]
[WhiteElo "2309"]
[BlackElo "2585"]
[EventDate "2008.11.01"]
[PlyCount "66"]

1.e4 c5 2.Nf3 Nc6 3.d4 cxd4 4.Nxd4 Nf6 5.f3 g6 6.c4 Bg7 7.Nb3 O-O 8.Be3 b6
9.Nc3 e6 10.Be2 Re8 11.O-O d5 12.exd5 exd5 13.Bg5 d4 14.Nb5 h6 15.Bh4 g5 
16.Bf2 Nh5 17.Bd3 a6 18.Be4 Rxe4 19.fxe4 axb5 20.cxb5 Ne5 21.Nxd4 Bg4 22.
Qb3 Nf4 23.h3 Ne2+ 24.Nxe2 Bxe2 25.Rfe1 Bc4 26.Qe3 Bxb5 27.Qxb6 Qe8 28.a4 
Ba6 29.Qe3 Nc4 30.Qf3 Nxb2 31.e5 Nd3 32.e6 Rc8 33.Red1 Bxa1 0-1

[Event "14th Pan-American ch"]
[Site "Boca Raton USA"]
[Date "2008.11.05"]
[Round "7.11"]
[White "Arenas Vanegas, David"]
[Black "Santarius, Erik"]
[Result "1-0"]
[WhiteElo "2323"]
[BlackElo "2213"]
[EventDate "2008.11.01"]
[PlyCount "101"]

1.e4 e5 2.Nf3 Nc6 3.Bb5 a6 4.Ba4 Nf6 5.O-O Be7 6.Re1 b5 7.Bb3 d6 8.c3 O-O 
9.d4 Bg4 10.Be3 exd4 11.cxd4 d5 12.exd5 Na5 13.Bc2 Qxd5 14.Nc3 Qh5 15.Bf4 
Bd6 16.Bxd6 cxd6 17.Ne4 Nxe4 18.Bxe4 d5 19.Bc2 Bxf3 20.Qxf3 Qxf3 21.gxf3 
Rfc8 22.Bb3 Nc4 23.Re7 Kf8 24.Rd7 Rd8 25.Rc7 Re8 26.Rc5 Rad8 27.a4 Nxb2 
28.axb5 Nd3 29.Rc7 axb5 30.Raa7 Re1+ 31.Kg2 Nf4+ 32.Kg3 Ne2+ 33.Kh4 Rg1 
34.Bxd5 Kg8 35.Rd7 Rb8 36.Rxf7 Kh8 37.Rab7 Rg8 38.f4 Nxd4 39.Be4 Re1 40.f3
Ne6 41.Rxb5 h6 42.Rb6 Re8 43.Rxe6 g5+ 44.Kh5 Rxe6 45.f5 Rd6 46.f6 Kg8 47.
Kg6 Red1 48.Bc2 g4 49.Bxd1 Rxd1 50.Ra7 Rd8 51.Rg7+ 1-0

[Event "14th Pan-American ch"]
[Site "Boca Raton USA"]
[Date "2008.11.05"]
[Round "7.12"]
[White "Figler, Ilye"]
[Black "Garcia Alarcon, Alvaro"]
[Result "1-0"]
[WhiteElo "2322"]
[BlackElo "2198"]
[EventDate "2008.11.01"]
[PlyCount "83"]

1.c4 Nf6 2.Nc3 c5 3.g3 Nc6 4.Bg2 g6 5.e3 Bg7 6.Nge2 O-O 7.d4 Qa5 8.d5 Ne5 
9.b3 Ne8 10.Qc2 d6 11.O-O a6 12.Bd2 Qd8 13.a4 Rb8 14.a5 Nc7 15.h3 f5 16.
Ra2 Bd7 17.Rb1 h5 18.f4 Nf7 19.b4 e5 20.bxc5 dxc5 21.Rb6 Kh7 22.Rab2 e4 
23.Qb3 Bc8 24.Qa3 Rg8 25.Rb1 Bf8 26.h4 Nd6 27.Qa2 Na8 28.Rxa6 b5 29.Ra7+ 
Kh6 30.Nxb5 Nxb5 31.cxb5 Nc7 32.Nc3 Bb7 33.Bf1 Bd6 34.b6 Ne8 35.Bb5 g5 36.
hxg5+ Rxg5 37.Be1 Rg7 38.Bc6 Bxc6 39.Rxg7 Bxd5 40.Nxd5 Nxg7 41.a6 Qg8 42.
b7 1-0

[Event "14th Pan-American ch"]
[Site "Boca Raton USA"]
[Date "2008.11.05"]
[Round "7.13"]
[White "Ferrufino Hurtado, Boris"]
[Black "Betaneli, Alexander"]
[Result "1/2-1/2"]
[WhiteElo "2182"]
[BlackElo "2318"]
[EventDate "2008.11.01"]
[PlyCount "118"]

1.d4 d5 2.Nf3 c6 3.e3 Bf5 4.c4 e6 5.Nc3 Nd7 6.Bd3 Bxd3 7.Qxd3 Ngf6 8.O-O 
Bd6 9.Bd2 O-O 10.e4 dxe4 11.Nxe4 Nxe4 12.Qxe4 Nf6 13.Qh4 Be7 14.Qh3 Ne4 
15.Rad1 Nxd2 16.Rxd2 Qa5 17.b3 Rad8 18.Rfd1 Bf6 19.Qg4 Rd7 20.Qe4 Rfd8 21.
g3 Qb4 22.Qe2 b5 23.Kg2 a6 24.Kf1 g6 25.Kg2 h5 26.h4 a5 27.cxb5 cxb5 28.
Rd3 Qd6 29.Qe4 Qd5 30.Qxd5 Rxd5 31.R3d2 Rc8 32.Kf1 a4 33.Ke2 a3 34.Ne1 e5 
35.dxe5 Rxe5+ 36.Kf1 Rec5 37.Nd3 Rc2 38.Rxc2 Rxc2 39.Nb4 Rb2 40.Rd5 Bc3 
41.Rxb5 Bd4 42.Rd5 Bxf2 43.Ra5 Bxg3 44.Rxa3 Bxh4 45.Nc6 g5 46.b4 g4 47.Ra5
Bf6 48.Rxh5 Rxa2 49.Rf5 Bg7 50.Rg5 Rc2 51.Ne7+ Kf8 52.Nf5 Rc4 53.Rxg7 Rxb4
54.Kg2 Rf4 55.Rg5 f6 56.Rh5 Kf7 57.Nh4 Ra4 58.Kg3 Ke6 59.Rb5 Re4 1/2-1/2

[Event "14th Pan-American ch"]
[Site "Boca Raton USA"]
[Date "2008.11.05"]
[Round "7.21"]
[White "Hortillosa, Andres"]
[Black "Palao Galan, Maricela"]
[Result "0-1"]
[WhiteElo "2199"]
[BlackElo "2083"]
[EventDate "2008.11.01"]
[PlyCount "77"]

1.Nf3 d5 2.d4 e6 3.e3 c5 4.c3 f5 5.g3 Nf6 6.Bg2 Be7 7.Nbd2 O-O 8.dxc5 Bxc5
9.b4 Bd6 10.Nb3 Nbd7 11.Bb2 Nb6 12.Nfd2 Na4 13.Rb1 Qc7 14.Qc1 Bd7 15.Nd4 
Rac8 16.Ne2 Ng4 17.Ba1 Ne5 18.O-O Bb5 19.Nd4 Bxf1 20.Nxe6 Qe7 21.Bxd5 Bd3 
22.Nc5+ Kh8 23.Nxa4 Bxb1 24.Qxb1 Qd7 25.Qb3 Rcd8 26.Be6 Qe7 27.Nf1 b6 28.
f4 Ng4 29.e4 Nh6 30.e5 Bxe5 31.fxe5 Rde8 32.Bd5 Qxe5 33.Bb2 f4 34.c4 Qe7 
35.Qc3 Ng4 36.b5 fxg3 37.hxg3 Rxf1+ 38.Kg2 Qe2+ 39.Kh3 0-1

[Event "14th Pan-American ch"]
[Site "Boca Raton USA"]
[Date "2008.11.06"]
[Round "8.5"]
[White "Shabalov, Alexander"]
[Black "Arenas Vanegas, David"]
[Result "1-0"]
[WhiteElo "2585"]
[BlackElo "2323"]
[EventDate "2008.11.01"]
[PlyCount "51"]

1.e4 c5 2.Na3 g6 3.c3 Bg7 4.Nf3 Nc6 5.Bb5 d6 6.O-O Bd7 7.d4 cxd4 8.cxd4 
Nf6 9.Re1 O-O 10.h3 d5 11.e5 Ne4 12.Bd3 Qb6 13.Nc4 dxc4 14.Bxe4 Rfd8 15.
Be3 Qxb2 16.Rb1 Qxa2 17.Rxb7 Qa6 18.Qb1 Rac8 19.Re2 Na5 20.Ra2 c3 21.Qb4 
c2 22.Rxa5 Qe2 23.Ra1 c1=Q+ 24.Rxc1 Rxc1+ 25.Bxc1 Qxe4 26.Rxd7 1-0

[Event "14th Pan-American ch"]
[Site "Boca Raton USA"]
[Date "2008.11.06"]
[Round "8.7"]
[White "Escobar Forero, Alder"]
[Black "La Rota, Fabio"]
[Result "1-0"]
[WhiteElo "2482"]
[BlackElo "2252"]
[EventDate "2008.11.01"]
[PlyCount "87"]

1.e4 c6 2.c4 e5 3.Nf3 Qc7 4.d4 Bb4+ 5.Nc3 d6 6.Qb3 c5 7.d5 Nf6 8.Bd3 Bg4 
9.Nh4 g6 10.O-O Bxc3 11.Qxc3 Qe7 12.f4 Nh5 13.g3 f6 14.Kg2 Rg8 15.h3 Bc8 
16.fxe5 dxe5 17.Be2 Ng7 18.Bh6 a5 19.a3 Ra6 20.Rad1 Qd6 21.Rd3 Ke7 22.Bd2 
Ne8 23.b4 axb4 24.axb4 b6 25.Qb2 Qc7 26.Bc3 Nd7 27.Qd2 Rg7 28.Bg4 Qd6 29.
Nf3 Kd8 30.Qb2 Re7 31.Ne1 Nb8 32.Be2 Rea7 33.Rd2 Ra4 34.Nd3 Nd7 35.Bg4 Qe7
36.bxc5 bxc5 37.Bxd7 Bxd7 38.Qb6+ Rc7 39.Nxe5 fxe5 40.d6 Nxd6 41.Rxd6 Ra2+
42.Kh1 Ra3 43.Bxe5 Qxe5 44.Qb8+ 1-0